Movies Quiz

Random Movies or Director Quiz
Score 0/21 Timer 08:00
0 Plays Today
% Correct
The Fly
92%
A History of Violence
89.5%
Eastern Promises
79%
Videodrome
79%
The Dead Zone
73%
Scanners
69%
eXistenZ
67.5%
Naked Lunch
64.5%
A Dangerous Method
62.5%
Dead Ringers
57.5%
Cosmopolis
56%
% Correct
Spider
53%
The Brood
52%
Crash
49.5%
Shivers
43%
Rabid
39.5%
M. Butterfly
36.5%
Maps to the Stars
35%
Fast Company
26.5%
Stereo
25.5%
Crimes of the Future
22.5%

You're not logged in!

Compare scores with friends on all Sporcle quizzes.
OR
Log In

Sporcle TV

Today on Sporcle TV


Watch our educational content, quiz creation guides, and fun videos on Sporcle TV.

Show Comments

Extras

Top Quizzes Today


Score Distribution

Paid Content

Your Account Isn't Verified!

In order to create a playlist on Sporcle, you need to verify the email address you used during registration. Go to your Sporcle Settings to finish the process.

Report this User

Report this user for behavior that violates our Community Guidelines.

Details: